LEADER 01287nam--2200409---450- 001 990001947270203316 005 20051027134526.0 035 $a000194727 035 $aUSA01000194727 035 $a(ALEPH)000194727USA01 035 $a000194727 100 $a20040823d1973----km-y0itay0103----ba 101 $aita 102 $aIT 105 $a||||||||001yy 200 1 $a<> soluzione di problemi$dProblem-solving$f[a cura di] G. Mosconi e V. D'Urso 210 $aFirenze$cGiunti-Barbera$d1973 215 $a406 p.$d23 cm 225 2 $aOrientamenti della psicologia moderna 410 0$12001$aOrientamenti della psicologia moderna 454 1$12001 461 1$1001-------$12001 606 0 $aPsicologia sperimentale$xStudi 676 $a152 700 1$aMOSCONI,$bGiuseppe$0160998 702 1$aD'URSO,$bValentina$f<1943- > 801 0$aIT$bsalbc$gISBD 912 $a990001947270203316 951 $aII.3. 1859(VI ps B coll 8/2)$b84731 L.M.$cVI ps B coll 951 $aVI ps B coll 8/2 bis$b25109 L.M.$cVI ps B coll 959 $aBK 969 $aUMA 979 $aSIAV5$b10$c20040823$lUSA01$h1419 979 $aCOPAT5$b90$c20051027$lUSA01$h1345 979 $aANNAMARIA$b90$c20120418$lUSA01$h1027 996 $aSoluzione di problemi$91045470 997 $aUNISA LEADER 01697oam 2200505I 450 001 9910711846403321 005 20210408083401.0 035 $a(CKB)5470000002487618 035 $a(OCoLC)1046653877 035 $a(OCoLC)995470000002487618 035 $a(EXLCZ)995470000002487618 100 $a20180730d1960 ua 0 101 0 $aeng 135 $aur||||||||||| 181 $ctxt$2rdacontent 182 $cc$2rdamedia 183 $acr$2rdacarrier 200 00$aCompilation of records of surface waters of the United States through September 1950$hPart 11-A$iPacific slope basins in California except Central Valley /$fprepared under the direction of J.V.B. Wells 210 1$a[Washington, D.C.] :$cUnited States Department of the Interior, Geological Survey,$d1960. 215 $a1 online resource (v, 414 pages, 1 page of plates) $cillustrations, map 225 1 $aGeological Survey water-supply paper ;$v1315-B 300 $aIncludes index. 606 $aWater quality$zCalifornia 606 $aWater-supply$zCalifornia 606 $aWater quality$2fast 606 $aWater-supply$2fast 607 $aCalifornia$2fast 608 $aOnline resources. 615 0$aWater quality 615 0$aWater-supply 615 7$aWater quality. 615 7$aWater-supply. 700 $aWells$b J. V. B.$01385991 712 02$aGeological Survey (U.S.), 801 0$bCOP 801 1$bCOP 801 2$bOCLCO 801 2$bOCLCF 801 2$bGPO 801 2$bMERUC 801 2$bGPO 906 $aBOOK 912 $a9910711846403321 996 $aCompilation of records of surface waters of the United States through September 1950$93446974 997 $aUNINA LEADER 03703nam 2200961 450 001 9910788042103321 005 20210429235348.0 010 $a0-520-96147-1 024 7 $a10.1525/9780520961470 035 $a(CKB)2670000000582902 035 $a(EBL)1816351 035 $a(SSID)ssj0001432308 035 $a(PQKBManifestationID)11934680 035 $a(PQKBTitleCode)TC0001432308 035 $a(PQKBWorkID)11405130 035 $a(PQKB)11080809 035 $a(DE-B1597)521076 035 $a(OCoLC)897905584 035 $a(DE-B1597)9780520961470 035 $a(Au-PeEL)EBL1816351 035 $a(CaPaEBR)ebr10994725 035 $a(CaONFJC)MIL672481 035 $a(MiAaPQ)EBC1816351 035 $a(EXLCZ)992670000000582902 100 $a20141215h20152015 uy 0 101 0 $aeng 135 $aur|nu---|u||u 181 $ctxt 182 $cc 183 $acr 200 10$aBole-english-hausa dictionary and english-bole wordlist /$fAlhaji Maina Gimba, Russell G. Schuh 205 $aFirst edition. 210 1$aOakland, California :$cUniversity of California Press,$d2015. 210 4$dİ2015 215 $a1 online resource (417 p.) 225 0 $aUC Publications in Linguistics ;$vVolume 148 300 $aDescription based upon print version of record. 311 $a0-520-28611-1 311 $a1-322-41199-9 320 $aIncludes bibliographical references. 327 $tFront matter --$tContents --$tAcknowledgments --$tIntroduction --$tAbbreviations --$tBole-English-Hausa Dictionary --$tEnglish-Bole Wordlist --$tAppendices --$tReferences 330 $aThis is a dictionary of Bole, a little documented language of the Chadic family, spoken in northeastern Nigeria. This is one of the most comprehensive dictionaries of any Chadic language other than Hausa. All entries for Bole are fully marked for tone and vowel length. The Bole-English-Hausa section has full definitions and explanations of meaning in English with numerous examples of use. Each entry has a Hausa gloss. The English-Bole section is intended mainly as an index to the Bole-English-Hausa section. There are appendices of flora and fauna terms, cultural terms, pronouns, and comprehensive paradigms of verb forms. 410 0$aUniversity of California publications in linguistics$v148 606 $aBole language$vDictionaries$xEnglish 608 $aDictionaries.$2fast 610 $abauchi nigeria. 610 $abolanci. 610 $abole english dictionary. 610 $abole language pronunciation. 610 $abole language. 610 $abole pronunciation. 610 $abole. 610 $achadic languages. 610 $agombe nigeria. 610 $ahausa english dictionary. 610 $ahausa language pronunciation. 610 $ahausa language. 610 $ahausa pronunciation. 610 $ahausa. 610 $alanguage of fika. 610 $anigeria. 610 $anigerian dictionary. 610 $anigerian languages. 610 $anigerian pronunciation. 610 $anortheastern nigeria language. 610 $anortheastern nigeria. 610 $atranslate bola. 610 $atranslate bole language. 610 $atranslate hausa language. 610 $atranslate hausa. 610 $ayobe nigeria. 615 0$aBole language$xEnglish. 676 $a493.7 686 $aEP 14263$2rvk 700 $aGimba$b Maina$f1961-$01553801 702 $aSchuh$b Russell G.$f1941- 801 0$bMiAaPQ 801 1$bMiAaPQ 801 2$bMiAaPQ 906 $aBOOK 912 $a9910788042103321 996 $aBole-english-hausa dictionary and english-bole wordlist$93814603 997 $aUNINA